[Event "Excelsior April op"]
[Site "Toronto CAN"]
[Date "2023.04.22"]
[Round "3.2"]
[White "Mao, Fengxi"]
[Black "Reprintsev, Alexander"]
[Result "0-1"]
[WhiteElo "2289"]
[BlackElo "2361"]
[PlyCount "68"]
[EventDate "2023.04.21"]
[EventType "swiss"]
[EventRounds "5"]
[EventCountry "CAN"]

1. h3 b6 2. e4 Bb7 3. Nc3 e6 4. d4 Bb4 5. Bd3 c5 6. dxc5 Nf6 7. e5 Ne4 8. Qg4
Nxc3 9. Qxb4 Nd5 10. Qg4 Kf8 11. cxb6 Nc6 12. Nf3 h5 13. Qg3 Qxb6 14. O-O Rc8
15. c4 Ncb4 16. cxd5 Nxd3 17. Ng5 Qb5 18. Rd1 Nxc1 19. Qa3+ Ke8 20. Ne4 Ne2+
21. Kh1 Qa6 22. Nd6+ Kd8 23. Qe3 Bxd5 24. Rd2 Rc1+ 25. Rxc1 Nxc1 26. Qg5+ f6
27. Qxg7 Qf1+ 28. Kh2 Kc7 29. Rxd5 Ne2 30. Ne8+ Kb6 31. Rd6+ Ka5 32. b4+ Kxb4
33. Rd1 Qxd1 34. Qe7+ Ka4 0-1

[Event "Excelsior April op"]
[Site "Toronto CAN"]
[Date "2023.04.22"]
[Round "3.3"]
[White "Gao, Raymond"]
[Black "Joseph, Jonath"]
[Result "1-0"]
[WhiteElo "2250"]
[BlackElo "1936"]
[PlyCount "76"]
[EventDate "2023.04.21"]
[EventType "swiss"]
[EventRounds "5"]
[EventCountry "CAN"]

1. Na3 e5 2. c3 Bxa3 3. bxa3 d5 4. d4 exd4 5. cxd4 Nf6 6. Bg5 c6 7. Bxf6 Qxf6
8. e3 Bf5 9. Nf3 Nd7 10. Bd3 O-O 11. O-O Bxd3 12. Qxd3 Nb6 13. Rab1 Qe7 14. Qb3
Rab8 15. Nd2 Qe6 16. Rfc1 Nc8 17. Qa4 b5 18. Qc2 Nd6 19. Qxc6 Nc4 20. Qxe6 fxe6
21. Nf3 Nxa3 22. Rb3 Nc4 23. Ne1 Rfc8 24. Nd3 Nd2 25. Rxc8+ Rxc8 26. Rxb5 Rc3
27. Rb8+ Kf7 28. Ne5+ Ke7 29. Rb7+ Kf8 30. g3 Ra3 31. Rb3 Ne4 32. Nc6 Nc3 33.
Rb8+ Kf7 34. Rb7+ Kf8 35. Nxa7 Rxa2 36. Rb8+ Kf7 37. Nc6 Nd1 38. Rb1 Nc3 1-0

[Event "Excelsior April op"]
[Site "Toronto CAN"]
[Date "2023.04.22"]
[Round "3.4"]
[White "Habeb, Adnan"]
[Black "Lu, Tony"]
[Result "1-0"]
[WhiteElo "2135"]
[BlackElo "1959"]
[PlyCount "89"]
[EventDate "2023.04.21"]
[EventType "swiss"]
[EventRounds "5"]
[EventCountry "CAN"]

1. d4 d5 2. c4 c6 3. Nf3 Nf6 4. e3 e6 5. b3 Nbd7 6. Bd3 Bd6 7. Bb2 O-O 8. O-O
Qc7 9. Nbd2 e5 10. cxd5 cxd5 11. Rc1 Qb8 12. dxe5 Nxe5 13. Nxe5 Bxe5 14. Bxe5
Qxe5 15. Nf3 Qe7 16. Qc2 Qa3 17. Nd4 Bd7 18. Qc5 Qxc5 19. Rxc5 Rfc8 20. Rfc1 b6
21. Rxc8+ Rxc8 22. Rxc8+ Bxc8 23. Nc6 Bd7 24. Nxa7 Ne4 25. Kf1 Kf8 26. Ke1 Ke7
27. f3 Nd6 28. Kd2 h6 29. Kc3 Bf5 30. Nc6+ Kd7 31. Nd4 Be6 32. Kb4 Kc7 33. Nb5+
Kc6 34. Nxd6 Kxd6 35. Kc3 Bd7 36. Kd4 Bc6 37. a4 Bd7 38. Bc2 f6 39. b4 Bc6 40.
a5 bxa5 41. bxa5 Bb7 42. Bd3 Bc6 43. a6 Ba8 44. e4 g6 45. exd5 1-0

[Event "Excelsior April op"]
[Site "Toronto CAN"]
[Date "2023.04.22"]
[Round "3.5"]
[White "Zhao, Jeffrey R"]
[Black "Kim, Noah"]
[Result "1-0"]
[WhiteElo "2118"]
[BlackElo "1983"]
[PlyCount "116"]
[EventDate "2023.04.21"]
[EventType "swiss"]
[EventRounds "5"]
[EventCountry "CAN"]

1. e4 c5 2. Nf3 Nc6 3. d4 cxd4 4. Nxd4 g6 5. Nc3 Bg7 6. Be3 Nf6 7. Bc4 O-O 8.
Bb3 d5 9. exd5 Na5 10. Nde2 b6 11. Qd2 Nxb3 12. axb3 Bb7 13. Rd1 Qd7 14. Bh6
Rfd8 15. Bxg7 Kxg7 16. Qg5 b5 17. Rd4 h6 18. Qe5 a5 19. O-O Rac8 20. Rd2 b4 21.
Ne4 Qf5 22. Qxf5 gxf5 23. Nxf6 Kxf6 24. Rfd1 Rc5 25. Nf4 Kg7 26. g3 Rdc8 27.
Rc1 Rd8 28. Re1 Kf8 29. Red1 Rdc8 30. Rc1 Rd8 31. Rd3 Rc7 32. f3 e5 33. dxe6
Rxd3 34. Nxd3 Bxf3 35. exf7 Bd5 36. Ne5 Bxb3 37. Ra1 Bxf7 38. Rxa5 Be6 39. Ra6
Bd5 40. Rd6 Be4 41. Rd2 Rxc2 42. Rxc2 Bxc2 43. Kf2 Kg7 44. Nc6 b3 45. Nd4 Kf6
46. Ke2 Be4 47. Nxb3 Ke5 48. Ke3 h5 49. h4 Bd5 50. Nd4 Be4 51. Ne2 Bc6 52. Nf4
Be8 53. Nd3+ Kd5 54. Kf4 Bd7 55. Kg5 Kd4 56. Nf4 Ke4 57. Nxh5 Be8 58. Nf4 Ke5
1-0

[Event "Excelsior April op"]
[Site "Toronto CAN"]
[Date "2023.04.22"]
[Round "3.6"]
[White "Wang, Andy"]
[Black "Laughlin, Braden"]
[Result "0-1"]
[WhiteElo "1956"]
[BlackElo "2061"]
[PlyCount "164"]
[EventDate "2023.04.21"]
[EventType "swiss"]
[EventRounds "5"]
[EventCountry "CAN"]

1. e4 c5 2. Nf3 d6 3. d4 cxd4 4. Nxd4 Nf6 5. Nc3 Nc6 6. Be2 g6 7. Be3 Bg7 8.
Qd2 Ng4 9. Nxc6 bxc6 10. Bxg4 Bxg4 11. h3 Be6 12. Bd4 O-O 13. Bxg7 Kxg7 14. O-O
Qa5 15. Qd4+ Kg8 16. f4 Qb6 17. Qxb6 axb6 18. a4 f6 19. b3 Kg7 20. Ne2 Bd7 21.
c4 h5 22. f5 g5 23. Kf2 Ra7 24. Nc3 Rb8 25. g4 Rh8 26. Kg3 Raa8 27. Rh1 h4+ 28.
Kg2 Ra7 29. b4 Rc8 30. Rhc1 Be8 31. a5 bxa5 32. Rxa5 Rb7 33. Rb1 Bf7 34. c5 Rd8
35. b5 cxb5 36. Raxb5 Rxb5 37. Rxb5 Rc8 38. Na4 Be8 39. Nb6 Rxc5 40. Rxc5 dxc5
41. Nd5 Kf7 42. Kf3 Bc6 43. Nc3 Ke8 44. Ke3 Bb7 45. Na4 Ba6 46. Kf2 c4 47. Nc3
Kd7 48. Ke3 e6 49. Na4 Kd6 50. fxe6 Bc8 51. Kd4 Bxe6 52. Nc3 Bd7 53. Kxc4 Ke5
54. Kd3 Bc8 55. Ke3 Ba6 56. Nd1 Bf1 57. Nf2 Bg2 58. Nd3+ Kd6 59. Nf2 Kc5 60.
Nd3+ Kc4 61. Nf2 Kc3 62. Nd1+ Kc4 63. Nf2 Kc5 64. Nd3+ Kd6 65. Nf2 Bf1 66. Kf3
Ke6 67. Ke3 Ke5 68. Kf3 Kd4 69. e5 fxe5 70. Ne4 Bg2+ 71. Kxg2 Kxe4 72. Kf2 Kd3
73. Ke1 Ke3 74. Kf1 Kf3 75. Kg1 Kg3 76. Kh1 Kxh3 77. Kg1 Kg3 78. Kh1 e4 79. Kg1
h3 80. Kh1 e3 81. Kg1 e2 82. Kh1 e1=Q# 0-1

[Event "Excelsior April op"]
[Site "Toronto CAN"]
[Date "2023.04.22"]
[Round "3.8"]
[White "Oancea, Nicolae"]
[Black "Huh, Isaak"]
[Result "0-1"]
[WhiteElo "2094"]
[BlackElo "2092"]
[PlyCount "50"]
[EventDate "2023.04.21"]
[EventType "swiss"]
[EventRounds "5"]
[EventCountry "CAN"]

1. e4 e5 2. Nf3 Nc6 3. d4 exd4 4. Nxd4 Bc5 5. Nb3 Bb6 6. Nc3 Nge7 7. Na4 O-O 8.
Nxb6 axb6 9. Be2 d6 10. O-O f5 11. Nd2 f4 12. b3 Ng6 13. Bb2 Qe7 14. a4 Kh8 15.
f3 Be6 16. Qe1 Nce5 17. Qf2 Qg5 18. Kh1 Qh5 19. Nb1 Rf6 20. Nc3 Nh4 21. Nd5
Bxd5 22. exd5 Nf5 23. Kg1 Ne3 24. Rfc1 Rg6 25. Bf1 Nxf3+ 0-1

[Event "Excelsior April op"]
[Site "Toronto CAN"]
[Date "2023.04.23"]
[Round "4.1"]
[White "Reprintsev, Alexander"]
[Black "Sambuev, Bator"]
[Result "0-1"]
[WhiteElo "2361"]
[BlackElo "2510"]
[PlyCount "68"]
[EventDate "2023.04.21"]
[EventType "swiss"]
[EventRounds "5"]
[EventCountry "CAN"]

1. e4 c5 2. g3 Nc6 3. Bg2 g6 4. Nc3 Bg7 5. d3 e6 6. Be3 Nd4 7. Nge2 Ne7 8. a3
O-O 9. Rb1 d5 10. exd5 exd5 11. Nf4 h5 12. h3 Nxc2+ 13. Qxc2 d4 14. Ne4 dxe3
15. fxe3 Nf5 16. Kf2 b6 17. Qc4 Be6 18. Nxe6 fxe6 19. Ke2 Qe7 20. g4 Nh4 21.
Rhg1 hxg4 22. hxg4 Rf7 23. b4 cxb4 24. Qxb4 Qc7 25. Qe1 Nxg2 26. Rxg2 Qc2+ 27.
Nd2 Rd8 28. d4 e5 29. Qh4 Bf6 30. g5 exd4 31. Qe4 d3+ 32. Ke1 Bc3 33. Qxg6+ Kf8
34. Qh6+ Ke7 0-1

[Event "Excelsior April op"]
[Site "Toronto CAN"]
[Date "2023.04.23"]
[Round "4.3"]
[White "Laughlin, Braden"]
[Black "Zhao, Jeffrey R"]
[Result "0-1"]
[WhiteElo "2061"]
[BlackElo "2118"]
[PlyCount "84"]
[EventDate "2023.04.21"]
[EventType "swiss"]
[EventRounds "5"]
[EventCountry "CAN"]

1. e4 c5 2. Nf3 d6 3. d4 cxd4 4. Nxd4 Nf6 5. Nc3 a6 6. Rg1 e5 7. Nb3 Be6 8. g4
d5 9. exd5 Nxd5 10. Nxd5 Qxd5 11. Qxd5 Bxd5 12. Be3 Nc6 13. c3 O-O-O 14. Nd2
Be7 15. a4 Kb8 16. Bc4 h6 17. Ke2 Bg5 18. Rgd1 Ne7 19. Bxd5 Nxd5 20. Nf3 Bxe3
21. fxe3 f6 22. Nh4 Kc7 23. Ng6 Rhe8 24. h4 Nb6 25. b3 Nd7 26. Rd5 Nb6 27. Rc5+
Kd6 28. b4 Rc8 29. a5 Nd5 30. Rxc8 Rxc8 31. Rd1 Rxc3 32. Ne7 Kxe7 33. Rxd5 Rc4
34. b5 Ke6 35. Rd8 axb5 36. Rb8 Rc7 37. Kd3 h5 38. gxh5 Kf5 39. Rg8 b4 40. e4+
Kf4 41. Rb8 b3 42. a6 b2 0-1

[Event "Excelsior April op"]
[Site "Toronto CAN"]
[Date "2023.04.23"]
[Round "4.5"]
[White "Joseph, Jonath"]
[Black "Mao, Fengxi"]
[Result "0-1"]
[WhiteElo "1936"]
[BlackElo "2289"]
[PlyCount "138"]
[EventDate "2023.04.21"]
[EventType "swiss"]
[EventRounds "5"]
[EventCountry "CAN"]

1. e4 a6 2. Nc3 h6 3. a4 e6 4. Qf3 Nc6 5. Qg3 Nb4 6. Bd3 d5 7. exd5 exd5 8. Nf3
Qd6 9. O-O Qxg3 10. hxg3 Bd6 11. b3 Nxd3 12. cxd3 Ne7 13. Bb2 Bf5 14. Rfe1
O-O-O 15. d4 f6 16. Rac1 Rhe8 17. Nd1 Nc6 18. Ne3 Be6 19. Bc3 Kd7 20. Nh4 h5
21. Ng6 Bf7 22. Nf4 Bxf4 23. gxf4 Re4 24. d3 Re6 25. Nf5 Rg8 26. b4 b6 27. Bd2
Rxe1+ 28. Bxe1 Nd8 29. Bd2 Ne6 30. Be3 Bg6 31. Ng3 h4 32. f5 Nf8 33. Bf4 c6 34.
fxg6 hxg3 35. b5 axb5 36. axb5 gxf2+ 37. Kxf2 cxb5 38. Rc7+ Ke6 39. Rc6+ Kf5
40. Kf3 Rh8 41. g4+ Kxg6 42. Rxb6 Rh1 43. Rxb5 Rf1+ 44. Kg3 Ne6 45. Be3 Rd1 46.
Rxd5 Rxd3 47. Kf2 Nc7 48. Rc5 Ne6 49. Rd5 Ra3 50. Rd7 Nf8 51. Re7 Nh7 52. d5
Ra5 53. Rd7 Nf8 54. Rd8 Kf7 55. Bd2 Ra2 56. Ke3 Ra3+ 57. Ke2 Ng6 58. Bb4 Ra4
59. Rb8 Nf4+ 60. Kf3 Nxd5 61. Bd2 Rd4 62. Bc1 Rd1 63. Ba3 Rd3+ 64. Ke4 Rxa3 65.
Kxd5 Re3 66. Rb4 Kg6 67. Kd4 Rg3 68. Rb8 Rxg4+ 69. Ke3 Ra4 0-1

[Event "Excelsior April op"]
[Site "Toronto CAN"]
[Date "2023.04.23"]
[Round "4.6"]
[White "Kim, Noah"]
[Black "Wang, Andy"]
[Result "1/2-1/2"]
[WhiteElo "1983"]
[BlackElo "1956"]
[PlyCount "65"]
[EventDate "2023.04.21"]
[EventType "swiss"]
[EventRounds "5"]
[EventCountry "CAN"]

1. Nf3 Nf6 2. c4 c5 3. g3 g6 4. Bg2 Bg7 5. O-O O-O 6. d4 cxd4 7. Nxd4 Nc6 8.
Nc3 a6 9. b3 Qc7 10. Bb2 d6 11. Rc1 Nxd4 12. Qxd4 Be6 13. Rfd1 Rac8 14. e4 Nd7
15. Qd2 Ne5 16. Nd5 Bxd5 17. exd5 Rfe8 18. Re1 Nd3 19. Qxd3 Bxb2 20. Rc2 Bf6
21. b4 a5 22. Bh3 Ra8 23. a3 axb4 24. axb4 Ra4 25. Rb1 b6 26. c5 bxc5 27. bxc5
dxc5 28. Qb5 Raa8 29. Qxc5 Qxc5 30. Rxc5 Ra2 31. Rbc1 Bd4 32. R5c2 Rea8 33. Bg4
1/2-1/2

[Event "Excelsior April op"]
[Site "Toronto CAN"]
[Date "2023.04.23"]
[Round "4.7"]
[White "Lu, Tony"]
[Black "Dhaliwal, Jaipreet Singh"]
[Result "1-0"]
[WhiteElo "1959"]
[BlackElo "1979"]
[PlyCount "93"]
[EventDate "2023.04.21"]
[EventType "swiss"]
[EventRounds "5"]
[EventCountry "CAN"]

1. e4 e5 2. Nf3 Nf6 3. d4 Nxe4 4. Bd3 Nc6 5. Nxe5 Nxe5 6. dxe5 Nc5 7. Bc4 d6 8.
Qf3 Ne6 9. exd6 Bxd6 10. Nc3 O-O 11. Be3 Be5 12. Qe4 Bf6 13. Rd1 Qe8 14. O-O c6
15. Rfe1 Qe7 16. f4 Qc7 17. f5 Ng5 18. Qg4 h6 19. h4 h5 20. Qe2 Nh7 21. Qxh5 b6
22. Ne4 Be5 23. Bd4 Bxd4+ 24. Rxd4 Qf4 25. Qxh7+ Kxh7 26. Nf6+ gxf6 27. Rxf4 b5
28. Bb3 c5 29. Bd5 Rb8 30. Re7 a5 31. Bxf7 Kh8 32. g4 Bb7 33. g5 Rfd8 34. g6
Rd1+ 35. Kf2 Rd2+ 36. Ke1 Rg2 37. Rf2 Rg1+ 38. Ke2 Bc6 39. Re6 Bd5 40. Rxf6 Kg7
41. Ra6 Be4 42. f6+ Kf8 43. Ra7 Bb7 44. h5 Rh1 45. Be6 Ke8 46. g7 Bf3+ 47. Kxf3
1-0

[Event "Excelsior April op"]
[Site "Toronto CAN"]
[Date "2023.04.23"]
[Round "4.8"]
[White "Moses, Neil"]
[Black "Oancea, Nicolae"]
[Result "0-1"]
[WhiteElo "1950"]
[BlackElo "2094"]
[PlyCount "168"]
[EventDate "2023.04.21"]
[EventType "swiss"]
[EventRounds "5"]
[EventCountry "CAN"]

1. Nf3 d5 2. c4 Nf6 3. b3 d4 4. e3 c5 5. exd4 cxd4 6. Ba3 Nc6 7. d3 e5 8. Bxf8
Kxf8 9. Nbd2 g6 10. a3 a5 11. g3 Kg7 12. Bg2 Bf5 13. Qc2 Bxd3 14. Qxd3 e4 15.
Nxe4 Nxe4 16. O-O Nc5 17. Qc2 Qf6 18. Rab1 Rhe8 19. Rfe1 Rxe1+ 20. Nxe1 a4 21.
b4 Nb3 22. Rd1 Rd8 23. Nd3 Rd7 24. Nb2 d3 25. Nxd3 Ncd4 26. Qb2 Kg8 27. Re1 Re7
28. Rxe7 Qxe7 29. Kf1 Qe6 30. Bd5 Qh3+ 31. Kg1 Qf5 32. Nf4 b5 33. Ne2 bxc4 34.
Bxc4 Nf3+ 35. Kg2 Nbd2 36. Qc3 Qe4 37. Bxf7+ Kxf7 38. Qc7+ Kg8 39. Qb8+ Kg7 40.
Qc7+ Kh6 41. Qf4+ Ng5+ 42. Qxe4 Ngxe4 43. f3 Nd6 44. Nc3 N2c4 45. Nxa4 Nxa3 46.
Nc3 Nab5 47. Nd5 Kg5 48. f4+ Kf5 49. Kf2 Ke6 50. Ne3 Nd4 51. Ng4 Nc6 52. Kf3
Nxb4 53. Ne5 Nf7 54. Nc4 Nd5 55. g4 Nd6 56. Ne5 g5 57. Nd3 gxf4 58. Nxf4+ Nxf4
59. Kxf4 Kf6 60. h4 Ne8 61. Ke4 Ng7 62. Kf4 Ne6+ 63. Ke4 Nf8 64. Kf4 Ng6+ 65.
Kg3 Ke5 66. h5 Nf8 67. Kh4 Kf4 68. h6 Ne6 69. Kh5 Ng5 70. Kh4 Nf3+ 71. Kh5 Ne5
72. g5 Kf5 73. g6 hxg6+ 74. Kh4 g5+ 75. Kh5 g4 76. Kh4 Kg6 77. Kg3 Kxh6 78. Kf4
Kh5 79. Kg3 Kg5 80. Kg2 Kf4 81. Kf2 Ng6 82. Kg2 Nh4+ 83. Kg1 Kg3 84. Kh1 Kf2
0-1

[Event "Excelsior April op"]
[Site "Toronto CAN"]
[Date "2023.04.23"]
[Round "5.2"]
[White "Sambuev, Bator"]
[Black "Zhao, Jeffrey R"]
[Result "1-0"]
[WhiteElo "2510"]
[BlackElo "2118"]
[PlyCount "105"]
[EventDate "2023.04.21"]
[EventType "swiss"]
[EventRounds "5"]
[EventCountry "CAN"]

1. d4 Nf6 2. c4 g6 3. Nc3 Bg7 4. e4 d6 5. Nf3 O-O 6. Be2 e5 7. O-O Nc6 8. d5
Ne7 9. Ne1 Nd7 10. Be3 f5 11. f3 f4 12. Bf2 g5 13. b4 Ng6 14. c5 Nf6 15. a4 h5
16. c6 bxc6 17. dxc6 g4 18. Bc4+ Kh7 19. Nd5 Bh6 20. Ra3 g3 21. hxg3 fxg3 22.
Bxg3 h4 23. Bh2 Nxd5 24. Bxd5 Bf4 25. Bxf4 Nxf4 26. Nd3 Qg5 27. Nxf4 Rxf4 28.
Rf2 Qg3 29. Kf1 h3 30. gxh3 Bxh3+ 31. Ke2 Bg2 32. Qd2 Raf8 33. Kd1 Bh1 34. Kc2
Rh4 35. Kb2 Bxf3 36. Rc3 Rh1 37. b5 Rf4 38. Ka3 Ra1+ 39. Ba2 Qg4 40. Rh2+ Kg7
41. Qd5 Rf8 42. Qd2 Rf4 43. Kb2 Rd1 44. Qe3 Bxe4 45. Qxa7 Qc8 46. Rg3+ Bg6 47.
Rhg2 Rf6 48. b6 Qf5 49. Qxc7+ Kf8 50. Qd8+ Kg7 51. Qg8+ Kh6 52. Rh2+ Bh5 53.
Qg7# 1-0

[Event "Excelsior April op"]
[Site "Toronto CAN"]
[Date "2023.04.23"]
[Round "5.4"]
[White "Huh, Isaak"]
[Black "Gao, Raymond"]
[Result "1-0"]
[WhiteElo "2092"]
[BlackElo "2250"]
[PlyCount "63"]
[EventDate "2023.04.21"]
[EventType "swiss"]
[EventRounds "5"]
[EventCountry "CAN"]

1. e4 c5 2. Nf3 d6 3. d4 cxd4 4. Nxd4 Nf6 5. Nc3 a6 6. Bg5 Nbd7 7. f4 Qc7 8.
Qf3 h6 9. Bxf6 Nxf6 10. f5 Qc5 11. O-O-O g5 12. fxg6 Bg4 13. gxf7+ Kxf7 14. Qd3
Bxd1 15. Nxd1 b5 16. g3 Qe5 17. Bg2 h5 18. Rf1 e6 19. Kb1 Bh6 20. Nf3 Qc5 21.
e5 dxe5 22. Nh4 Rag8 23. Nc3 Bg5 24. Ne4 Qd4 25. Nd6+ Kf8 26. Qa3 Qa4 27. Qc5
Bxh4 28. Nf5+ Kf7 29. Qe7+ Kg6 30. Nxh4+ Kh6 31. Rxf6+ Kg5 32. Rg6# 1-0

[Event "Excelsior April op"]
[Site "Toronto CAN"]
[Date "2023.04.23"]
[Round "5.5"]
[White "Habeb, Adnan"]
[Black "Laughlin, Braden"]
[Result "1-0"]
[WhiteElo "2135"]
[BlackElo "2061"]
[PlyCount "87"]
[EventDate "2023.04.21"]
[EventType "swiss"]
[EventRounds "5"]
[EventCountry "CAN"]

1. d4 d5 2. c4 c6 3. Nf3 Nf6 4. e3 e6 5. b3 Ne4 6. Bd3 Bb4+ 7. Nbd2 Nd7 8. O-O
f5 9. a3 Bd6 10. c5 Bc7 11. b4 Qf6 12. Bb2 g5 13. Bxe4 fxe4 14. Ne5 Nxe5 15.
dxe5 Qg6 16. f3 exf3 17. Rxf3 Bd8 18. Qb3 g4 19. Rf6 Bxf6 20. exf6 Rf8 21. Rf1
h5 22. Qc3 h4 23. Rf4 Kf7 24. Nb3 Qg5 25. Qe5 Qxe5 26. Bxe5 Rg8 27. Nc1 a5 28.
b5 cxb5 29. Nd3 Bd7 30. h3 gxh3 31. Rxh4 Rxg2+ 32. Kf1 Rd2 33. Nf4 Rf8 34. Rxh3
Ra2 35. Rh7+ Ke8 36. Ng6 Rxa3 37. Re7+ Kd8 38. Nxf8 Rxe3 39. Nxd7 Rf3+ 40. Ke2
Rf5 41. Bd6 a4 42. f7 a3 43. Nb6 Re5+ 44. Kd2 1-0

[Event "Excelsior April op"]
[Site "Toronto CAN"]
[Date "2023.04.23"]
[Round "5.6"]
[White "Oancea, Nicolae"]
[Black "Lu, Tony"]
[Result "1-0"]
[WhiteElo "2094"]
[BlackElo "1959"]
[PlyCount "59"]
[EventDate "2023.04.21"]
[EventType "swiss"]
[EventRounds "5"]
[EventCountry "CAN"]

1. e4 e6 2. d4 d5 3. Nd2 Nf6 4. e5 Nfd7 5. Bd3 c5 6. c3 Nc6 7. Ne2 cxd4 8. cxd4
f6 9. exf6 Nxf6 10. O-O Bd6 11. a3 O-O 12. Nf3 Qc7 13. Ng3 Bd7 14. Re1 e5 15.
dxe5 Nxe5 16. Be2 Rad8 17. Bg5 Bc6 18. b4 Nxf3+ 19. Bxf3 Be5 20. Rc1 Qb8 21.
Qb3 Bxg3 22. hxg3 Qd6 23. Bf4 Qd7 24. b5 Bxb5 25. Rc7 Bc4 26. Qxb7 Qf5 27.
Rxg7+ Kh8 28. Ree7 Bd3 29. Be5 d4 30. g4 1-0

[Event "Excelsior April op"]
[Site "Toronto CAN"]
[Date "2023.04.23"]
[Round "5.7"]
[White "Wang, Andy"]
[Black "Joseph, Jonath"]
[Result "1/2-1/2"]
[WhiteElo "1956"]
[BlackElo "1936"]
[PlyCount "88"]
[EventDate "2023.04.21"]
[EventType "swiss"]
[EventRounds "5"]
[EventCountry "CAN"]

1. e4 e6 2. d4 d5 3. Nc3 Nf6 4. Bg5 Be7 5. e5 Nfd7 6. Bxe7 Qxe7 7. f4 a6 8. Nf3
c5 9. Qd2 Nc6 10. dxc5 Nxc5 11. Bd3 f6 12. O-O O-O 13. Ne2 Bd7 14. Ned4 Be8 15.
h3 Nxd3 16. cxd3 fxe5 17. Nxc6 Bxc6 18. Nxe5 d4 19. Nxc6 bxc6 20. Rac1 c5 21.
b3 Qd6 22. Rce1 Rf6 23. Re4 Raf8 24. Qe2 Kh8 25. Re1 Qc7 26. Rxe6 Rxe6 27. Qxe6
Qxf4 28. Qe2 Qg3 29. Rf1 Rxf1+ 30. Kxf1 Qf4+ 31. Kg1 h6 32. Qf2 Qg5 33. Qe2
Qc1+ 34. Kh2 Qf4+ 35. g3 Qf5 36. g4 Qf4+ 37. Kg2 Qg5 38. Qe8+ Kh7 39. Qe4+ Kh8
40. Qa8+ Kh7 41. Qe4+ Kh8 42. Kf3 Qc1 43. Qa8+ Kh7 44. Qe4+ Kh8 1/2-1/2

[Event "Excelsior April op"]
[Site "Toronto CAN"]
[Date "2023.04.23"]
[Round "5.8"]
[White "Dhaliwal, Jaipreet Singh"]
[Black "Kim, Noah"]
[Result "1-0"]
[WhiteElo "1979"]
[BlackElo "1983"]
[PlyCount "94"]
[EventDate "2023.04.21"]
[EventType "swiss"]
[EventRounds "5"]
[EventCountry "CAN"]

1. e4 c6 2. d4 d5 3. e5 Bf5 4. Nf3 e6 5. Be2 Ne7 6. O-O c5 7. c3 Nec6 8. Re1
Nd7 9. a3 Be7 10. Be3 O-O 11. Nbd2 Rc8 12. Rc1 h6 13. b4 cxd4 14. cxd4 Nb6 15.
Nb3 Nc4 16. Bxc4 dxc4 17. Rxc4 Qd5 18. Nbd2 a5 19. bxa5 Nxa5 20. Rxc8 Rxc8 21.
Qa1 Rc2 22. h3 Qc6 23. Kh2 Qa4 24. d5 Qxa3 25. Qxa3 Bxa3 26. Nd4 Rc8 27. Nxf5
exf5 28. Rb1 f4 29. Bxf4 Rc5 30. d6 g5 31. Bg3 f5 32. exf6 Kf7 33. Ne4 Rd5 34.
Re1 Nc4 35. Nc3 Rd3 36. Re7+ Kxf6 37. Ne4+ Kg6 38. Rxb7 Kf5 39. f3 Nxd6 40.
Nxd6+ Bxd6 41. Rb5+ Ke6 42. Rb6 h5 43. Rxd6+ Rxd6 44. Bxd6 Kxd6 45. h4 g4 46.
fxg4 hxg4 47. Kg3 Kd5 1-0

[Event "Excelsior August op"]
[Site "Toronto CAN"]
[Date "2023.08.11"]
[Round "1.3"]
[White "Ruchinskaya, Valerie"]
[Black "Li, William"]
[Result "0-1"]
[WhiteElo "2099"]
[BlackElo "2272"]
[PlyCount "96"]
[EventDate "2023.08.11"]
[EventType "swiss"]
[EventRounds "5"]
[EventCountry "CAN"]

1. d4 Nf6 2. Bf4 b6 3. e3 Bb7 4. Nf3 g6 5. Bd3 Bg7 6. O-O O-O 7. c3 d6 8. Qe2
Nbd7 9. Nbd2 Re8 10. e4 e5 11. dxe5 dxe5 12. Bg5 Nc5 13. Bb5 c6 14. Bc4 b5 15.
Bb3 Qd3 16. Rfe1 Rad8 17. Be3 Qxe2 18. Rxe2 Nd3 19. Bxa7 Nxb2 20. Rb1 Nd3 21.
Bb6 Rd7 22. c4 Nf4 23. Ree1 Bh6 24. Ba5 Nd3 25. Re2 Ra8 26. Bb6 Bxd2 27. Rxd2
Nxe4 28. Rxd3 Rxd3 29. Bc2 Rxf3 30. gxf3 Nd2 31. Rc1 bxc4 32. a4 Nxf3+ 33. Kg2
c5 34. Kg3 f5 35. Bxc5 f4+ 36. Kh3 Ng5+ 37. Kg4 Ne6 38. Bd6 e4 39. Bxf4 h5+ 40.
Kg3 Nd4 41. Bd1 Rd8 42. Kh4 Rd5 43. Kh3 Ba6 44. Be3 Kg7 45. Kg3 Kf6 46. Kf4 Nf5
47. Kxe4 Bb7 48. Bd4+ Rxd4# 0-1

[Event "Excelsior August op"]
[Site "Toronto CAN"]
[Date "2023.08.11"]
[Round "1.4"]
[White "Wiebe, Isaac"]
[Black "Zhao, Jifan"]
[Result "1-0"]
[WhiteElo "2251"]
[BlackElo "2081"]
[PlyCount "59"]
[EventDate "2023.08.11"]
[EventType "swiss"]
[EventRounds "5"]
[EventCountry "CAN"]

1. e4 e6 2. d4 d5 3. Nc3 Nf6 4. e5 Nfd7 5. Nce2 c5 6. c3 Qb6 7. f4 cxd4 8. cxd4
Nc6 9. Nf3 Bb4+ 10. Nc3 O-O 11. a3 Bxc3+ 12. bxc3 Na5 13. Bd3 Qb3 14. Bc2 Qc4
15. Bd2 b6 16. Kf2 Ba6 17. Re1 g6 18. g4 f6 19. Kg3 Qc6 20. h4 Nc4 21. Bc1 f5
22. gxf5 gxf5 23. Ng5 h6 24. Qh5 Kg7 25. Nf3 Rg8 26. Kf2 Kf8 27. Qxh6+ Ke8 28.
Bxf5 Nf8 29. Ng5 Ke7 30. Qf6+ 1-0

[Event "Excelsior August op"]
[Site "Toronto CAN"]
[Date "2023.08.11"]
[Round "1.5"]
[White "Laughlin, Braden"]
[Black "Moon, Ethan"]
[Result "1-0"]
[WhiteElo "2061"]
[BlackElo "2239"]
[PlyCount "39"]
[EventDate "2023.08.11"]
[EventType "swiss"]
[EventRounds "5"]
[EventCountry "CAN"]

1. d4 Nf6 2. c4 g6 3. g3 d6 4. Bg2 Bg7 5. Nc3 Nbd7 6. Nf3 O-O 7. O-O c6 8. b3
Qa5 9. Qd2 Re8 10. Rb1 Nf8 11. e4 e5 12. d5 c5 13. Ne1 Nh5 14. b4 cxb4 15. Nb5
Rd8 16. Ba3 Qb6 17. Qxb4 a5 18. Qb3 Ra6 19. Nd3 Bg4 20. Rfe1 1-0

[Event "Excelsior August op"]
[Site "Toronto CAN"]
[Date "2023.08.11"]
[Round "1.6"]
[White "Singh Dhaliwal, Jaipreet"]
[Black "Mahtani, Nitin"]
[Result "1/2-1/2"]
[WhiteElo "2170"]
[BlackElo "2025"]
[PlyCount "221"]
[EventDate "2023.08.11"]
[EventType "swiss"]
[EventRounds "5"]
[EventCountry "CAN"]

1. e4 c6 2. d4 d5 3. e5 Bf5 4. Nf3 e6 5. Be2 c5 6. c3 Nc6 7. O-O Qb6 8. dxc5
Bxc5 9. b4 Be7 10. Be3 Qc7 11. Na3 f6 12. Qa4 Kf8 13. Nb5 Qc8 14. Nd6 Qc7 15.
Nb5 Qc8 16. Nd6 Qc7 17. Nxf5 exf5 18. exf6 Nxf6 19. Nd4 Nxd4 20. Bxd4 Kf7 21.
Qb3 Rad8 22. Rad1 Rhe8 23. Bb5 Rf8 24. Bxf6 Kxf6 25. Rfe1 a6 26. Be2 Bd6 27. g3
Be5 28. Rd3 g5 29. Bf3 Qc4 30. Qc2 d4 31. Qe2 Rfe8 32. Bh5 Re6 33. Qf3 Rd7 34.
Bg4 Bf4 35. Rxe6+ Qxe6 36. Bh5 Be5 37. Qd1 Qc4 38. Be2 Qxa2 39. cxd4 Bd6 40.
Rf3 Re7 41. Bd3 f4 42. g4 Bxb4 43. Bf1 Re1 44. Qd3 Qb1 45. Qc4 a5 46. Rh3 a4
47. Rxh7 Qxh7 48. Qxb4 Qe7 49. Qxa4 f3 50. Qb5 Qe6 51. h3 b6 52. d5 Qd6 53. Qd3
Qf4 54. Qc3+ Re5 55. Qc6+ Kf7 56. Qb7+ Re7 57. Qxb6 Qf6 58. Qb1 Kg7 59. Bb5 Ra7
60. Bf1 Rd7 61. Qb8 Re7 62. Qb4 Rd7 63. Qe4 Re7 64. Qc4 Rd7 65. Bd3 Qa1+ 66.
Bf1 Qe5 67. Qb3 Qxd5 68. Qc3+ Kg6 69. Qh8 Rh7 70. Qe8+ Rf7 71. Qg8+ Kf6 72. Qe8
Re7 73. Qh8+ Rg7 74. Qh6+ Kf7 75. Qb6 Kg8 76. Qb8+ Kh7 77. Qb1+ Kh8 78. Qb2 Kh7
79. Qc2+ Kh6 80. Qc3 Rd7 81. Qf6+ Kh7 82. Qf8 Rf7 83. Qc8 Kg7 84. Qc3+ Rf6 85.
Bd3 Qd6 86. Bf1 Qd5 87. Qb2 Kg6 88. Qb8 Kg7 89. Qa7+ Rf7 90. Qe3 Rd7 91. Qc3+
Kh7 92. Qf6 Rf7 93. Bd3+ Kg8 94. Qc3 Kf8 95. Bc2 Rf4 96. Bb3 Qd8 97. Qh8+ Ke7
98. Qe5+ Kf8 99. Qh8+ Ke7 100. Qh6 Kd7 101. Kh2 Qe7 102. Qb6 Rb4 103. Qa7+ Kd6
104. Qa6+ Kc7 105. Qa5+ Kb8 106. Bc2 Qd6+ 107. Kg1 Rb1+ 108. Bxb1 Qd1+ 109. Kh2
Qd6+ 110. Kh1 Qd1+ 111. Kh2 1/2-1/2